[Event "18th Prague Open-A 2019"]
[Site "Prague"]
[Date "2019.01.14"]
[Round "5"]
[White "Naumkin, Igor"]
[Black "Olsarova, Karolina"]
[Result "1/2-1/2"]
[WhiteElo "2418"]
[BlackElo "2263"]
[Annotator "TA"]
[PlyCount "144"]
[EventDate "2019.01.11"]
[EventType "swiss"]
[EventCountry "CZE"]
[SourceTitle "playchess.com"]
[Source "ChessBase"]
[SourceQuality "1"]

{[%evp 19,144,30,30,12,29,29,29,25,31,18,20,-2,-13,0,0,0,56,0,0,-12,14,-16,-15,-56,-65,-52,-52,-56,-66,-65,-65,-57,-46,-56,-60,-87,-89,-94,-92,-90,-89,-101,0,-89,0,-114,-92,-110,-107,-116,-93,-108,0,-116,-116,-132,-101,-112,-82,-140,-116,-112,-111,-106,-115,-101,-86,-86,-86,-86,-86,-86,-86,-86,-86,-133,-13,-13,-17,-86,-86,-86,-86,-86,-86,-86,-86,-86,-86,-86,-86,-86,-86,-86,-86,-86,-86,-95,-95,-95,-95,-97,-95,-97,-95,-97,0,0,0,0,0,0,0,0,0,0,0,-12,0,0,0,0,0,0,0,0,0]} 1. d4 Nf6 2. c4 e6 3. Nf3 Bb4+ 4. Bd2 c5 5. Bxb4 cxb4 6. e3 O-O 7. Nbd2 d6 8. Bd3 Nc6 {E11: Bogo-Indian} 9. O-O b6 (9... a5 10. Ne4 Nxe4 11. Bxe4 h6 12. h3 Qe7 13. Rc1 Rd8 14. Qc2 Bd7 15. c5 Be8 16. cxd6 Rxd6 {1-0 (46) Riazantsev,A (2671)-Bartel,M (2641) Tallinn 2016}) 10. Qc2 Bb7 {LiveBook: 3 Games. White has an edge.} 11. Ng5 {[%cal Rd3h7]} h6 12. Nge4 Nxe4 $146 ({Predecessor:} 12... Rc8 13. Rac1 Nxe4 14. Bxe4 d5 15. Bf3 dxc4 16. Qxc4 {0-1 (33) Borbon,O (1998)-Alvarez Pedraza,A (2476) Bogota 2014}) 13. Bxe4 Qc7 14. f4 Ne7 15. Bxb7 Qxb7 16. e4 Rac8 17. f5 Nc6 ({Black should try} 17... exf5 $11 18. exf5 f6) 18. f6 (18. Qd3 $14) 18... Nxd4 $11 19. Qd3 e5 20. Nf3 g6 21. Nxd4 exd4 22. Qxd4 Rfe8 23. Rae1 Qc6 24. Qd2 Qc5+ 25. Kh1 Kh7 26. b3 Re5 27. h3 Rce8 28. Rf4 R8e6 29. Qd3 Qc6 30. Re3 Qc5 (30... a5 $17) 31. Re2 (31. Re1 $1 $11) 31... Qc6 32. Re3 $1 Qe8 33. Qd2 a5 34. Qd3 Qd8 35. Qf1 Qe8 36. Qd3 $1 Qc6 37. Qd2 Qc7 38. Qd3 Qb7 39. Qd2 (39. Re2 $142) 39... Qc6 40. Rd3 g5 41. Rf1 Rxe4 42. Rd5 {Black must now prevent Rxg5!} Re2 43. Qd3+ Kg8 44. Qf3 {[#]} Re1 $1 45. Rxe1 Rxe1+ $17 {[%mdl 4096] Endgame KQR-KQR} 46. Kh2 Qe8 47. Qg3 Qe3 (47... Qe4 $17 {And now ...Qb1 would win.} 48. Rxd6 Re3 49. Rd8+ Kh7) 48. Qxe3 $11 Rxe3 {KR-KR} 49. Rb5 (49. Rxd6 $11 {keeps the balance.} Re2 50. Rxb6) 49... Re2 $17 50. Rxb6 Rxa2 51. Rxd6 Kh7 52. Ra6 Ra3 53. c5 Kg6 54. c6 {Hoping for c7.} Rxb3 55. Rxa5 Rc3 ({Avoid the trap} 55... Kxf6 $2 56. Rc5 $18) 56. Rb5 Rxc6 57. Rxb4 {[#]} h5 $1 58. Rb5 h4 59. Ra5 Rxf6 60. Rb5 Re6 61. Ra5 f5 62. Rb5 g4 (62... Re1 $17 63. Rb6+ Kg7) 63. hxg4 $11 {The position is equal.} fxg4 64. Ra5 Re2 {Strongly threatening ...h3.} 65. Ra6+ Kg5 {Threatens to win with ...h3.} 66. Ra5+ Kf4 {...h3 is the strong threat.} 67. Ra4+ Re4 (67... Kf5 {feels hotter.} 68. Ra8 Re6 69. Ra5+ Kg6 70. Ra8 Rf6) 68. Ra3 h3 69. gxh3 Re2+ 70. Kg1 g3 71. Ra4+ Kf3 {[%cal Re2e1]} 72. Ra3+ Kf4 {Accuracy: White = 56%, Black = 63%.} 1/2-1/2

[Event "18th Prague Open-A 2019"]
[Site "Prague"]
[Date "2019.01.14"]
[Round "5"]
[White "Kacharava, Nikolozi"]
[Black "Zhang, Ziji"]
[Result "1/2-1/2"]
[WhiteElo "2397"]
[BlackElo "2387"]
[Annotator "TA"]
[PlyCount "80"]
[EventDate "2019.01.11"]
[EventType "swiss"]
[EventCountry "CZE"]
[SourceTitle "playchess.com"]
[Source "ChessBase"]
[SourceQuality "1"]

{[%evp 20,80,11,0,29,0,0,0,0,-18,-21,-44,-19,-17,-13,-35,-16,-25,0,0,0,0,0,0,0,0,0,0,0,0,0,0,0,0,0,-11,-3,-22,-35,-18,0,-35,-24,-33,-20,-17,-10,-56,-64,-99,-93,-139,-142,-132,-124,-181,-183,-200,0,0,0,0,0]} 1. e4 e5 2. Nf3 Nc6 3. Bc4 Bc5 4. c3 Nf6 5. d3 O-O 6. O-O d5 7. exd5 Nxd5 8. Re1 Bg4 9. Nbd2 {C54: Giuoco Piano: 4 c3 Nf6, main lines with 5 d4 and 5 d3} Nb6 10. Bb5 Bd6 11. h3 {LiveBook: 23 Games} Bd7 (11... Bh5 12. Ne4 Re8 13. Bg5 f6 14. Be3 a6 15. Bxc6 bxc6 16. Ng3 Bf7 17. c4 Bb4 18. Re2 Bf8 19. b3 c5 {0-1 (89) Nakamura,H (2777)-Grischuk,A (2766) Saint Louis 2018}) 12. Ne4 $146 ({Predecessor:} 12. Nf1 Re8 13. Bg5 f6 14. Be3 a6 15. Bxc6 Bxc6 16. Bxb6 cxb6 {½-½ (71) Andriasian,Z (2621)-Laxman,R (2374) Abu Dhabi 2016}) 12... a6 13. Bxc6 Bxc6 14. c4 Re8 15. Bg5 Be7 16. Bxe7 Qxe7 17. Qc2 Qe6 18. b4 {[%cal Bb2b4,Bb4b5][%mdl 32]} Nd7 {[%cal Bb6d7,Bd7c5,Bc5d3][%mdl 32]} 19. a4 Qg6 20. b5 Bxe4 $1 21. Rxe4 Nc5 22. Rxe5 Nxd3 23. Rxe8+ Rxe8 24. Rd1 Nc5 25. Qc3 h6 26. a5 Re2 27. bxa6 (27. Rd8+ {is more complex.} Kh7 28. Rd2 Ne4 29. Qd3 Nxd2 30. Qxe2 Qb1+ 31. Kh2) 27... bxa6 $40 {[%mdl 128] Black attacks.} 28. Re1 (28. Rd8+ {feels hotter.} Kh7 29. Rd2 Rxd2 30. Qxd2 Qf5 31. Qe2) 28... Rxe1+ 29. Qxe1 Qe4 30. Qd2 Nd3 31. Qc3 c5 32. Qc2 g5 33. Qc3 Nf4 {[#] aiming for ...Ne2+.} 34. Kh2 Qe2 35. Qe3 Qxc4 36. Qe8+ Kh7 37. Qc6 (37. Qe5 $17) 37... Nd3 $19 38. Qd7 Nxf2 $2 ({Better is} 38... Kg7 $19 39. Qf5 Qf4+ 40. Qxf4 Nxf4) 39. Qf5+ $11 Kg8 {[#] Threatens to win with ...Ne4.} 40. Nxg5 $1 hxg5 {Accuracy: White = 41%, Black = 56%.} 1/2-1/2

[Event "18th Prague Open-A 2019"]
[Site "Prague"]
[Date "2019.01.14"]
[Round "5"]
[White "Krivonosov, Oleg"]
[Black "Gomes, Mary Ann"]
[Result "1/2-1/2"]
[WhiteElo "2390"]
[BlackElo "2296"]
[Annotator "TA"]
[PlyCount "78"]
[EventDate "2019.01.11"]
[EventType "swiss"]
[EventCountry "CZE"]
[SourceTitle "playchess.com"]
[Source "ChessBase"]
[SourceQuality "1"]

{[%evp 21,78,58,53,35,34,30,34,25,37,4,0,0,54,62,58,54,59,59,56,32,45,32,32,14,17,17,17,13,14,25,14,22,23,9,9,9,14,10,11,27,64,54,47,49,27,8,16,18,20,0,0,0,0,0,0,0,0,0,0]} 1. Nf3 Nf6 2. c4 b6 3. g3 Bb7 4. Bg2 c5 5. O-O e6 6. Nc3 Be7 7. d4 cxd4 8. Qxd4 Nc6 9. Qf4 d6 {A30: Symmetrical English: Double Fianchetto and Hedgehog} 10. Rd1 a6 11. b3 Qc7 {LiveBook: 29 Games. White is slightly better.} 12. Ng5 (12. Ba3 Ne5 13. Ng5 Bxg2 14. Kxg2 O-O 15. Nge4 Nxe4 16. Nxe4 Ng6 17. Qf3 d5 {0-1 (17) Cheparinov,I (2678)-Inarkiev,E (2693) Poikovsky 2013}) 12... O-O 13. Ba3 {[%cal Ra3d6]} Rad8 14. Rac1 {[#] Nd5! is the strong threat.} Ne5 $146 ({Predecessor:} 14... e5 15. Qd2 Nd4 16. Nf3 Nxf3+ 17. Bxf3 Bxf3 18. exf3 {1-0 (52) Villani,C (2071)-Braun,J (2128) Germany 2012}) 15. Bxb7 Qxb7 16. Nce4 Nxe4 (16... Ng6 $11 17. Qe3 Nxe4 18. Nxe4 d5 19. Bxe7 Nxe7 20. cxd5 Rxd5) 17. Qxe4 $14 Qxe4 18. Nxe4 {[%cal Ra3d6]} Rd7 $1 19. f4 ({And not} 19. Bxd6 Rfd8 $17) 19... Ng6 20. Rd3 {[%cal Ra3d6]} Rfd8 21. Rcd1 {[%cal Ra3d6]} d5 22. Bb2 Nf8 23. cxd5 Rxd5 24. Rxd5 Rxd5 25. Rxd5 exd5 $11 {[%mdl 4096] Endgame KBN-KBN} 26. Nc3 Bf6 27. Nd1 Bxb2 28. Nxb2 {KN-KN} Nd7 29. Nd3 a5 30. Kf2 Kf8 31. Ke3 Ke7 32. Kd4 Ke6 33. Ne5 Nf6 {The position is equal.} 34. g4 g6 $1 35. h3 Ne4 36. Nd3 Ng3 37. Ke3 Nf1+ 38. Kd4 Ng3 39. Ke3 Nf1+ {Accuracy: White = 50%, Black = 94%.} 1/2-1/2

[Event "18th Prague Open-A 2019"]
[Site "Prague"]
[Date "2019.01.14"]
[Round "5"]
[White "Low, Zhen Yu Cyrus"]
[Black "Liu, Zhaoqi"]
[Result "0-1"]
[WhiteElo "2385"]
[BlackElo "2300"]
[Annotator "TA"]
[PlyCount "56"]
[EventDate "2019.01.11"]
[EventType "swiss"]
[EventCountry "CZE"]
[SourceTitle "playchess.com"]
[Source "ChessBase"]
[SourceQuality "1"]

{[%evp 19,56,29,37,17,34,6,58,70,73,50,125,118,120,100,162,126,122,141,165,93,111,94,111,119,106,-357,-349,-347,-333,-457,-444,-518,-511,-497,-470,-887,-876,-816,-715]} 1. e4 e6 2. d4 d5 3. Nd2 Be7 4. e5 c5 5. Bd3 (5. c3 cxd4 6. cxd4 Qb6 7. Ndf3 Bb4+ 8. Bd2 Nc6 9. Bc3 Bd7 10. Qd2 f6 11. Bd3 Nge7 12. Ne2 Bxc3 13. bxc3 fxe5 14. Nxe5 Nxe5 15. dxe5 {1-0 (65) Mamedov,R (2680)-Anton Guijarro,D (2654) Kocaeli 2017}) 5... Nc6 6. c3 {C03: French Tarrasch: Unusual Black 3rd moves} cxd4 7. cxd4 Qb6 8. Ndf3 Nh6 9. Ne2 Nf5 10. O-O Bd7 {[%cal Rf5d4] LiveBook: 17 Games} 11. Kh1 Rc8 (11... Ncxd4 $2 12. Nexd4 Nxd4 13. Be3 $18) (11... Nfxd4 $2 12. Be3 $18) 12. a3 a5 $146 ({But not} 12... Nfxd4 $2 13. Nexd4 Nxd4 14. Be3 $18) (12... Ncxd4 $6 13. Nfxd4 Rxc1 14. Rxc1 $16) (12... Na5 $11) ({Predecessor:} 12... Na5 13. Bc2 Bb5 {1-0 (30) Kesidis,O (2248)-Kosmidis,I (1871) Nea Moudania 2016}) 13. Rb1 $14 h6 (13... Nfxd4 $2 14. Nexd4 Nxd4 15. Be3 $18) 14. h3 h5 ({Wrong is} 14... Ncxd4 $2 15. Nfxd4 Nxd4 16. Be3 $18) (14... Bd8 $14) 15. Bxf5 $16 exf5 16. Bg5 Be6 (16... Bxg5 $16 {was called for.} 17. Nxg5 Ne7) 17. Bxe7 Nxe7 18. Qd2 a4 19. Nc3 ({White should play} 19. Nf4 $18) 19... Rc4 20. Qe3 Qa6 21. Nd2 Rc8 22. b3 $2 {[%mdl 8192] [#]} (22. Qg5 $16 {and life is bright.}) 22... f4 $1 $19 {[%cal Rf4e3][%mdl 512]} 23. Qf3 (23. Qxf4 Rxc3) 23... g5 24. Rfc1 {[#]} Bg4 $1 {[%cal Be6g4,Bg4f3,Bf3d5][%mdl 608] Trapped Piece. Black is clearly winning.} 25. Nxd5 {Black must now prevent Rxc8+.} (25. hxg4 hxg4+) 25... Bxf3 ({Not} 25... Rxc1+ 26. Rxc1 Bxf3 27. Nc7+ Kd7 28. Nxa6 $14) 26. Rxc8+ Kd7 27. Nxe7 (27. Rc7+ $142 Kd8 28. Nxf3 Nxd5 29. Rc5) 27... Rxc8 28. Nxc8 Bd5 {Accuracy: White = 31%, Black = 42%.} 0-1

[Event "18th Prague Open-A 2019"]
[Site "Prague"]
[Date "2019.01.14"]
[Round "5"]
[White "Gschnitzer, Adrian"]
[Black "Jaroch, Karol"]
[Result "1-0"]
[WhiteElo "2368"]
[BlackElo "2259"]
[Annotator "TA"]
[PlyCount "91"]
[EventDate "2019.01.11"]
[EventType "swiss"]
[EventCountry "CZE"]
[SourceTitle "playchess.com"]
[Source "ChessBase"]
[SourceQuality "1"]

{[%evp 11,91,2,46,22,22,22,37,28,33,34,37,36,54,48,66,-84,26,-18,-14,-46,-59,-18,-27,-29,-50,-58,98,-61,115,104,102,56,54,0,0,-9,-36,-29,-38,-44,122,100,110,111,410,404,460,439,1004,369,398,387,562,560,635,552,529,513,523,525,544,541,522,408,400,389,400,365,435,445,541,568,491,547,561,550,857,852,1277,1243,1207,1172]} 1. c4 Nf6 2. Nc3 e5 3. Nf3 Nc6 4. e3 Be7 (4... Bb4 5. Qc2 Bxc3 6. Qxc3 Qe7 7. d4 Ne4 8. Qd3 exd4 9. Nxd4 O-O 10. Be2 Qb4+ 11. Kf1 Qe7 12. f3 f5 13. Qd1 Nc5 14. Kf2 d6 {½-½ (23) Caruana,F (2827)-Ding,L (2804) Batumi 2018}) 5. b3 O-O 6. Bb2 {A28: English Opening: Four Knights Variation} d6 {LiveBook: 6 Games} 7. Qc2 Bg4 8. Be2 {The position is equal.} Qd7 $146 ({Predecessor:} 8... Re8 9. O-O Bf8 10. d3 Qd7 11. a3 g6 12. Rac1 Bg7 13. Rfd1 Rad8 {½-½ (13) Hug,W (2430)-Zueger,B (2400) Munich 1987}) 9. a3 Rae8 10. O-O Bd8 11. d3 Ne7 12. h3 Bf5 13. Nh4 (13. Ne4 $14) 13... Be6 (13... Bxh3 $1 $17 14. gxh3 Qxh3) 14. f4 Bxh3 15. fxe5 dxe5 16. gxh3 Qxh3 17. Ng2 Nf5 {And now ...Qxg2+! would win.} 18. Nd1 e4 $2 {[#]} ({Don't play} 18... Ng3 $6 19. Nf2 $16) (18... Ng4 $1 $15 19. Bxg4 Qxg4) 19. dxe4 $2 (19. Rf4 $1 $16) 19... Nh4 $2 (19... Nxe4 $15 20. Bf3 Ng5 21. Bxb7 Ng3) 20. Nxh4 $16 Qxh4 21. Bf3 {[%cal Be2f3,Bf3g2,Bg2f1][%mdl 32] Black must now prevent Qg2.} Nxe4 {[%cal Bf6e4,Be4d2,Bd2b3][%mdl 32]} 22. Qh2 (22. Qg2 $14 Bg5 23. Qh2) 22... Qg5+ $1 $11 23. Bg2 Nd2 24. Rf2 Nxb3 25. Rf3 {Strongly threatening Rg3.} Qa5 $2 ({But not} 25... Nxa1 $6 26. Rg3 $14) (25... Qg6 $1 $15 {keeps the upper hand.} 26. Rg3 Bg5) 26. Bc3 Qa6 27. Rb1 $40 {[%mdl 128] White is out for blood.} Qxc4 $2 {[%mdl 8192]} (27... Nc5 $16 {was worth a try.}) 28. Bf1 $18 Qe6 29. Rg3 f6 (29... Bf6 $142 30. Bc4 Qe7 31. Bxb3 b6) 30. Qa2 $2 (30. Bd3 Rf7 31. Qxh7+ Kf8 {[#]} 32. Rxb3 $1 {[%mdl 512]}) 30... Kh8 31. Qxb3 Qd6 (31... Qxb3 $142 32. Rxb3 b6) 32. Rh3 Re4 33. Rb2 Rg4+ 34. Rg2 Rxg2+ 35. Bxg2 b6 36. Qc2 {[%csl Gh3][%cal Rc2h7]} f5 37. Bb2 Bf6 38. Nf2 Bxb2 39. Qxb2 c5 40. e4 {White is clearly winning.} fxe4 41. Bxe4 h6 42. Bb1 {Qc2 is the strong threat.} Qe6 43. Rg3 {[%csl Gg3][%cal Rb2g7]} Rf6 44. Qc2 {[%csl Gb1][%cal Rc2h7]} g6 45. Qd2 Kg7 46. Ng4 {Precision: White = 49%, Black = 25%.} 1-0

[Event "18th Prague Open-A 2019"]
[Site "Prague"]
[Date "2019.01.14"]
[Round "5"]
[White "Lin, Yi"]
[Black "Chkhaidze, Nikoloz"]
[Result "1-0"]
[WhiteElo "2359"]
[BlackElo "2290"]
[Annotator "TA"]
[PlyCount "59"]
[EventDate "2019.01.11"]
[EventType "swiss"]
[EventCountry "CZE"]
[SourceTitle "playchess.com"]
[Source "ChessBase"]
[SourceQuality "1"]

{[%evp 33,59,14,18,16,27,20,29,16,29,16,32,29,28,20,59,53,118,118,102,106,177,175,249,249,246,246,375,374]} 1. d4 Nf6 2. c4 e6 3. g3 d5 4. Bg2 dxc4 5. Nf3 c5 6. O-O Nc6 7. dxc5 Qxd1 8. Rxd1 Bxc5 9. Nbd2 c3 10. bxc3 O-O 11. Nb3 Be7 12. c4 Bd7 13. Bb2 {E04: Open Catalan: 5 Nf3} Rfd8 14. Nfd4 Rac8 15. Nb5 b6 16. Nd6 Bxd6 17. Rxd6 Be8 {LiveBook: 9 Games} 18. Rxd8 Rxd8 {[#]} (18... Nxd8 19. Rc1 Bc6 20. c5 Bxg2 21. Kxg2 {½-½ (30) Cheparinov,I (2710)-Anand,V (2782) Riadh 2017}) 19. Rc1 $146 ({Predecessor:} 19. h3 h6 20. Rc1 Nb4 {½-½ (43) Ju,W (2557)-Guo,Q (2443) China 2015}) 19... Nb4 20. a3 Na6 21. c5 Ba4 22. cxb6 axb6 23. Bb7 Bxb3 24. Bxa6 Rd1+ (24... Ba4 $14) 25. Rxd1 $16 Bxd1 26. Bd4 Nd7 (26... Nd5 $16 {was worth a try.} 27. f3 f6) 27. Bb5 $18 Nc5 {[#]} (27... e5 $142) 28. Bxc5 $1 bxc5 {[#]} 29. a4 $1 {[%cal Ra4a5] a5 is the strong threat.} Bc2 (29... Bb3 $142 30. a5 Bd5) 30. Bc6 {Accuracy: White = 85%, Black = 19%.} 1-0

[Event "18th Prague Open-A 2019"]
[Site "Prague"]
[Date "2019.01.14"]
[Round "5"]
[White "Vojta, Tomas"]
[Black "Postny, Evgeny"]
[Result "0-1"]
[WhiteElo "2351"]
[BlackElo "2623"]
[Annotator "TA"]
[PlyCount "108"]
[EventDate "2019.01.11"]
[EventType "swiss"]
[EventCountry "CZE"]
[SourceTitle "playchess.com"]
[Source "ChessBase"]
[SourceQuality "1"]

{[%evp 17,108,0,0,0,0,0,7,0,0,10,15,6,14,0,22,16,14,8,15,11,18,12,0,0,0,0,0,0,18,18,28,29,32,25,24,27,24,21,36,22,32,17,15,8,22,0,0,0,27,29,29,28,42,47,57,0,0,-13,-13,-13,0,-63,-74,-74,-66,-106,-99,-1079,-1025,-29967,-29968,-29966,-29968,-29966,-29967,-29975,-29976,-29977,-29976,-29976,-29977,-29978,-29977,-29978,-29978,-29980,-29981,-29981,-29982,-29983,-29983,-29984,-29977]} 1. d4 d5 2. Bf4 c5 3. e3 Nc6 4. c3 Qb6 5. Qb3 c4 (5... Nf6 6. Nd2 c4 7. Qc2 Nh5 8. Bg5 h6 9. Bh4 g5 10. Be2 Ng7 11. Bg3 Bf5 12. Qc1 e6 {1-0 (41) Carlsen,M (2832)-So,W (2812) Leuven 2017}) 6. Qc2 {D00: 1 d4 d5: Unusual lines} e5 7. dxe5 Bf5 8. Qc1 g5 9. Bg3 h5 {LiveBook: 3 Games. Threatens to win with ...h4.} 10. h3 Bg7 11. Nf3 g4 12. hxg4 hxg4 13. Rxh8 Bxh8 14. Nd4 $146 Nge7 15. Na3 Bxe5 16. Bxe5 Nxe5 17. Nxf5 Nxf5 18. Qc2 Ne7 19. O-O-O g3 20. Qh7 N5g6 21. Qh3 gxf2 22. Rd2 Rd8 23. Rxf2 Rd6 {[#]} 24. Bxc4 $1 {[%mdl 512]} dxc4 25. Nxc4 {[%mdl 64] Double Attack} Qc5 26. Nxd6+ Qxd6 27. Rd2 Qc7 28. Qf3 Nc6 29. Qe4+ Kf8 30. Kc2 Kg7 31. g4 Nce5 32. b3 b5 33. Rd5 a6 34. g5 Kg8 35. Kb2 Nd7 36. Qe8+ ({Better is} 36. c4 $14) 36... Ndf8 $11 37. Qd8 Qg3 38. Qd6 Qxe3 39. Qxa6 (39. Rd3 $11 Qa7 40. Qd4) 39... Qe2+ $15 40. Kc1 Nf4 41. Qxb5 Qe1+ ({But not} 41... Qxa2 $6 42. Rd2 $11) 42. Rd1 $2 {[%mdl 8192]} (42. Kb2 $17) 42... Ne2+ $19 {[%mdl 64] Double Attack} 43. Kc2 {[#]} Qxd1+ $1 {[%mdl 576] Deflection, Decoy. Black mates.} 44. Kxd1 Nxc3+ {[%mdl 64] Double Attack} 45. Kc2 Nxb5 46. a4 Nc7 47. b4 Nfe6 48. Kd3 Nxg5 49. b5 Nge6 50. Kc4 Kf8 51. a5 Ke7 52. b6 Na6 53. Kb5 Nec5 54. Kc6 Nd7 {Accuracy: White = 47%, Black = 67%.} 0-1

[Event "18th Prague Open-A 2019"]
[Site "Prague"]
[Date "2019.01.14"]
[Round "5"]
[White "Schmidt-Schaeffer, Sebastian"]
[Black "Schnabel, Ralf"]
[Result "1/2-1/2"]
[WhiteElo "2350"]
[BlackElo "2206"]
[Annotator "TA"]
[PlyCount "70"]
[EventDate "2019.01.11"]
[EventType "swiss"]
[EventCountry "CZE"]
[SourceTitle "playchess.com"]
[Source "ChessBase"]
[SourceQuality "1"]

{[%evp 21,70,35,63,63,53,50,35,26,46,29,77,67,113,83,110,91,91,50,59,41,37,28,34,28,32,33,45,47,47,36,50,52,54,48,56,58,60,25,45,45,45,27,26,0,0,0,0,0,0,0,0]} 1. e4 d5 2. exd5 Qxd5 3. Nc3 Qa5 4. d4 Nf6 5. Nf3 c6 6. Ne5 Nbd7 7. Nc4 {B01: Scandinavian Defence} Qc7 8. Qf3 Nb6 9. Bf4 Qd8 (9... Qd7 10. Nxb6 axb6 11. O-O-O Qd8 12. h3 e6 13. Bc4 Be7 14. g4 {½-½ (32) Grischuk,A (2750)-Rapport,R (2698) chess.com INT 2017}) 10. Be5 Be6 11. Ne3 Nbd5 {LiveBook: 14 Games} 12. Ncxd5 Bxd5 13. Nxd5 Qxd5 14. Qxd5 cxd5 15. O-O-O $146 Rc8 16. Rd3 Nd7 17. Bf4 Rc6 18. Rb3 Rb6 19. Bb5 {[#] And now Bc7 would win.} Kd8 $1 20. Bd2 {Threatens to win with Ba5.} (20. Be2 {with more complications.} e6 21. Rf3 f6 22. Bd2 Bb4 23. c3) 20... a6 21. Bxd7 Rxb3 22. Ba4 Rb5 $1 23. h4 {[%cal Bh2h4,Bh4h5][%mdl 1056] White has compensation.} e6 24. Rh3 Be7 25. h5 Bf6 ({But not} 25... Rb6 $2 26. Ba5 $18) 26. Rf3 h6 ({Don't blunder} 26... Rb6 $2 27. Ba5 $18) 27. g4 Kc7 ({Not} 27... Rb6 $2 28. Ba5 $18) 28. Bf4+ Kd7 29. c3 Ke7 30. Bxb5 axb5 $14 {KRB-KRB} 31. Kc2 b4 32. Kb3 bxc3 {The position is equal.} 33. bxc3 Rc8 34. Rd3 Kd7 35. Bd2 Be7 {Accuracy: White = 67%, Black = 41%.} 1/2-1/2

[Event "18th Prague Open-A 2019"]
[Site "Prague"]
[Date "2019.01.14"]
[Round "5"]
[White "Kulhanek, Tomas"]
[Black "Frolov, Artur"]
[Result "1/2-1/2"]
[WhiteElo "2303"]
[BlackElo "2430"]
[Annotator "TA"]
[PlyCount "31"]
[EventDate "2019.01.11"]
[EventType "swiss"]
[EventCountry "CZE"]
[SourceTitle "playchess.com"]
[Source "ChessBase"]
[SourceQuality "1"]

{[%evp 25,31,0,0,-2,15,0,0,0]} 1. e4 e5 2. Nf3 Nc6 3. d4 exd4 4. Bc4 Bc5 5. c3 Nf6 6. cxd4 Bb4+ 7. Bd2 Bxd2+ 8. Nbxd2 d5 9. exd5 Nxd5 10. Qb3 Nce7 11. O-O O-O 12. Rfe1 c6 13. a4 a5 {LiveBook: 13 Games. The position is equal.} 14. h3 {[#] C54: Giuoco Piano: 4 c3 Nf6, main lines with 5 d4 and 5 d3} Ng6 $146 ({Predecessor:} 14... Nf4 15. Re5 Neg6 16. Re3 Rb8 17. Ne4 Ne7 18. Nc3 Nf5 19. Re5 Ng6 20. Re2 Ngh4 21. Ne5 Nxd4 22. Bxf7+ {0-1 (42) Thorsteinsson,A (2270)-Gretarsson,H (2521) Reykjavik 1999}) 15. Bxd5 Qxd5 16. Qxd5 1/2-1/2

[Event "18th Prague Open-A 2019"]
[Site "Prague"]
[Date "2019.01.14"]
[Round "5"]
[White "Zhang, Xiaopeng"]
[Black "Chernyak, Viktoria"]
[Result "1-0"]
[WhiteElo "2299"]
[BlackElo "2186"]
[Annotator "TA"]
[PlyCount "47"]
[EventDate "2019.01.11"]
[EventType "swiss"]
[EventCountry "CZE"]
[SourceTitle "playchess.com"]
[Source "ChessBase"]
[SourceQuality "1"]

{[%evp 16,47,32,27,35,14,18,3,9,4,7,19,33,24,32,29,90,96,95,95,95,91,209,207,399,386,451,432,462,403,480,346,5414,5377]} 1. d4 d5 2. c4 e6 3. Nc3 Be7 4. Nf3 Nf6 5. Bf4 O-O 6. e3 b6 7. cxd5 exd5 8. h3 Bb7 9. Bd3 {LiveBook: 17 Games. E12: Queen's Indian: Unusual White 4th moves, 4 a3, 4 Nc3 Bb7 5 a3 and 4 Nc3 Bb7} Nbd7 (9... c5 10. O-O Nc6 11. Rc1 a6 12. Bb1 Re8 13. Re1 c4 14. e4 dxe4 15. Nxe4 Nd5 16. Bg3 Bb4 {½-½ (47) Werle,J (2551)-Klein,D (2511) Netherlands 2017}) 10. Qc2 c5 11. dxc5 $146 {The position is equal.} ({Predecessor:} 11. Ne5 h6 12. O-O a6 13. b3 Nxe5 14. Bxe5 Rc8 15. dxc5 bxc5 16. Bf5 Nd7 {½-½ (26) Lida Garcia,F (2143)-Garcia,S (2176) Buenos Aires 2002}) 11... Nxc5 12. O-O Nxd3 13. Qxd3 Rc8 14. Rfd1 Bb4 15. Be5 Re8 {[#]} (15... Bxc3 $11 {remains equal.} 16. Bxc3 Ne4) 16. Bxf6 $1 $16 Qxf6 17. Nxd5 Bxd5 18. Qxd5 Qxb2 (18... a5 $16 {is a better defense.}) 19. Rab1 $18 {[%cal Ba1b1,Bb1b2,Bb2d2][%mdl 32]} Qa3 $2 {[#]} (19... Qc3 20. Ng5 Be7) 20. Ng5 $1 Rc7 21. Qb5 {[%mdl 64] Double Attack} Rec8 22. Qxb4 Qxa2 23. Rb2 Qa6 $2 (23... Qc4 24. Qd2 g6) 24. Rbd2 {Accuracy: White = 69%, Black = 13%.} 1-0

[Event "18th Prague Open-A 2019"]
[Site "Prague"]
[Date "2019.01.14"]
[Round "5"]
[White "Serrano Salvador, Eduardo"]
[Black "Wang, Yiye"]
[Result "0-1"]
[WhiteElo "2282"]
[BlackElo "2443"]
[Annotator "TA"]
[PlyCount "58"]
[EventDate "2019.01.11"]
[EventType "swiss"]
[EventCountry "CZE"]
[SourceTitle "playchess.com"]
[Source "ChessBase"]
[SourceQuality "1"]

{[%evp 22,58,25,14,19,-29,-6,-93,-79,-94,-79,-185,-143,-140,-156,-269,-292,-281,-280,-353,-352,-332,-348,-313,-312,-304,-241,-236,-235,-424,-261,-429,-435,-822,-843,-866,-1028,-1246,-1178]} 1. d4 Nf6 2. Nf3 e6 3. c4 b6 4. a3 Ba6 5. Qc2 Bb7 6. Nc3 c5 7. dxc5 bxc5 8. Bf4 Nh5 9. Bg5 {E12: Queen's Indian: Unusual White 4th moves, 4 a3, 4 Nc3 Bb7 5 a3 and 4 Nc3 Bb7} Be7 10. Bxe7 Qxe7 11. e3 O-O 12. Be2 {LiveBook: 11 Games} f5 13. O-O-O $146 ({Predecessor:} 13. O-O Nc6 14. Rad1 g5 15. Qd2 Rfd8 16. Qd6 g4 17. Qxe7 Nxe7 {½-½ (62) Pert,N (2564)-Howell,D (2650) Aberystwyth 2014}) 13... Nf6 14. Ne1 (14. Qd2 $11) 14... Nc6 15. Bf3 Rab8 16. Nb5 (16. Qa4 $17 {was worth a try.}) 16... a6 17. Nd6 Ba8 18. Qa4 (18. Bxc6 $17 {keeps fighting.} Bxc6 19. f3) 18... Rb6 $19 19. Rd2 Rfb8 20. h3 Ne5 21. Bxa8 Rxd6 (21... Rxa8 22. f4 $17) 22. Rxd6 Qxd6 23. Bf3 Qb6 24. Qc2 {[#] If only White now had time for Be2....} Nxc4 $1 {[%mdl 512]} 25. Qxc4 $2 (25. Nd3 {is the only way for White.} d5 26. h4) 25... Qxb2+ {[%mdl 64] Double Attack} 26. Kd1 Rb3 {[%cal Bb8b3,Bb3c3,Bc3c4][%mdl 32] And now ...Rc3 would win.Black is clearly winning.} 27. Nc2 ({Much worse is} 27. Qc2 Qa1+ 28. Ke2 Rb2) (27. Nd3 $142 Qxa3 28. Qc1 Rxd3+ 29. Ke2) 27... Rc3 {[%mdl 64] Double Attack} 28. Qa4 d5 29. Re1 Rc4 {Accuracy: White = 22%, Black = 82%.} 0-1